000 00584nam a2200181Ia 4500
008 151018s9999 xx 000 0 und d
082 _bRBASDV46158
_a891.431
100 _aभारत गौंड
245 _aसचित्र बाल कविताएँ
250 _b1
260 _bलिट्रेसी
_c2001
300 _a96
600 _aभारत गौंड
630 _aसचित्र बाल कविताएँ
700 _aभारत गौंड
730 _aसचित्र बाल कविताएँ
942 _cBOOK
999 _c1045319
_d1045316